000 00333nam a2200121 4500
999 _c10710
_d10710
008 180918b ||||| |||| 00| 0 eng d
100 _931245
_aPunay, Edu
245 _aSC: RH law can be implemented/
_cEdu Punay
260 _aPhilippines
_bThe Philippine Star
_cc2017
300 _apage 8.
650 0 _937130
_aLaw.
942 _2ddc
_cPER